000 00752nam a2200253 i 4500
001 129868
003 ES-MaACL
005 20250710062730.0
007 t|
008 070709s1969 fr ||||1| fre d
080 _a811.14'36
100 1 _aMirambel, André.
_981511
245 1 0 _aGrammaire du grec moderne /
_cAndré Mirambel.
250 _a1re éd.
260 _aParis :
_bPresses Universitaires de France,
_c1969.
300 _a124 p. ;
_c18 cm.
490 1 _aQue sais-je? ;
_v1343
500 _aBiblioteca Jacinto Martínez Lacalle.
504 _aBibliografía: p.125-126.
650 1 4 _aLengua griega-
_xGramática.
_914245
830 0 0 _aQue sais-je?
_v1343
_9180931
852 _aES-MaACL
_jE-11864
_bR.139803
999 _c129868
_d129868